[Event "Catalunya-chT Gp1"]
[Site "Barcelona"]
[Date "2017.02.04"]
[Round "3.7"]
[White "Leiro Giralt, Daniel"]
[Black "Domenech Plana, Jaume"]
[Result "1/2-1/2"]
[WhiteElo "2173"]
[BlackElo "2074"]
[PlyCount "94"]
[EventDate "2017.01.21"]
[EventType "team-tourn"]
[EventRounds "7"]
[EventCountry "ESP"]
[SourceTitle "CBM 176 Extra"]
[Source "ChessBase"]
[SourceDate "2017.03.02"]
[SourceVersion "1"]
[SourceVersionDate "2017.03.02"]
[SourceQuality "1"]
[WhiteTeam "Tres Peons"]
[BlackTeam "Gerunda"]
[WhiteTeamCountry "ESP"]
[BlackTeamCountry "ESP"]

1. e4 e5 2. Nf3 d6 3. d4 Qe7 4. Nc3 c6 5. Be2 Nf6 6. 0-0 Bg4 7. Re1 Nbd7 8. a4 h6 9. b3 Bxf3 10. Bxf3 Nh7 11. g3 Qf6 12. Be3 Be7 13. Bg2 g5 14. Rf1 Qg7 15. Qd2 h5 16. Rad1 Nhf6 17. h3 h4 18. g4 0-0 19. f3 Rfd8 20. Qf2 b6 21. a5 exd4 22. Bxd4 c5 23. Nd5 Qf8 24. Bc3 Nxd5 25. Rxd5 Qh6 26. Rfd1 Nf8 27. Bf1 Ne6 28. Kh2 Bf6 29. Bxf6 Qxf6 30. Rf5 Qg7 31. Bc4 Rd7 32. Bb5 Re7 33. Qd2 Nd4 34. Bc4 Nxf5 35. gxf5 Qe5+ 36. Kh1 Qg3 37. Qxd6 Qxf3+ 38. Kg1 Qe3+ 39. Kh2 Qg3+ 40. Qxg3 hxg3+ 41. Kxg3 Kg7 42. Rd6 Rxe4 43. Rd7 Rf8 44. a6 Kf6 45. Rxa7 Re3+ 46. Kg4 Re4+ 47. Kg3 Re3+ 1/2-1/2

[Event "Figueres op Rapid"]
[Site "Figueres"]
[Date "2015.08.09"]
[Round "4.4"]
[White "Domenech Plana, Jaume"]
[Black "Saurina Suner, Francesc Xavier"]
[Result "1/2-1/2"]
[WhiteElo "2307"]
[BlackElo "2133"]
[PlyCount "130"]
[EventDate "2015.08.09"]
[EventType "swiss (rapid)"]
[EventRounds "9"]
[EventCountry "ESP"]
[SourceTitle "EXT 2024"]
[Source "ChessBase"]
[SourceDate "2023.10.10"]
[SourceVersion "1"]
[SourceVersionDate "2023.10.10"]
[SourceQuality "1"]

1. c4 e5 2. Nc3 Nf6 3. g3 d5 4. cxd5 Nxd5 5. Bg2 Nb6 6. d3 Be7 7. Nf3 Nc6 8. 0-0 Be6 9. a3 0-0 10. b4 Nd4 11. Be3 Nxf3+ 12. Bxf3 Nd5 13. Nxd5 Bxd5 14. Bxd5 Qxd5 15. Rc1 c6 16. Rc4 a5 17. Bc5 Rfe8 18. Bxe7 Rxe7 19. Rc5 Qa2 20. Rxa5 Rxa5 21. bxa5 Qxa3 22. Qd2 Rd7 23. Rb1 Qd6 24. Qe3 Qc7 25. Qa7 f6 26. Rb6 Kf7 27. a6 bxa6 28. Qxa6 c5 29. Rc6 Qb7 30. Qc4+ Kg6 31. Rxc5 Rd4 32. Qc1 Rb4 33. Qe3 Rb1+ 34. Rc1 f5 35. Rxb1 Qxb1+ 36. Kg2 Kf6 37. Qc5 Qb7+ 38. f3 Qb2 39. Qd6+ Kf7 40. Kf2 h6 41. f4 exf4 42. gxf4 g6 43. Qe5 Qc1 44. Qd5+ Kf6 45. Qd4+ Ke7 46. Qg7+ Kd8 47. Qf8+ Kd7 48. Qxh6 Qc5+ 49. Kg2 Qe3 50. Qg7+ Kd8 51. Qe5 Qb6 52. d4 Kd7 53. Qd5+ Ke8 54. Qe5+ Kf7 55. h4 Qd8 56. Kg3 Qa8 57. h5 Qh1 58. hxg6+ Kxg6 59. Qe6+ Kg7 60. Qe7+ Kg6 61. Qg5+ Kf7 62. Qxf5+ Ke7 63. Qe5+ Kd7 64. Qg7+ Ke6 65. Qg6+ Kd5 1/2-1/2

[Event "Girona op 6th"]
[Site "Girona"]
[Date "2015.07.20"]
[Round "8"]
[White "Mallol Descarrega, Aleix"]
[Black "Domenech Plana, Jaume"]
[Result "0-1"]
[WhiteElo "1823"]
[BlackElo "2323"]
[PlyCount "76"]
[EventDate "2015.07.13"]
[EventType "swiss"]
[EventRounds "9"]
[EventCountry "ESP"]
[SourceTitle "EXT 2016"]
[Source "ChessBase"]
[SourceDate "2015.10.08"]
[SourceVersion "1"]
[SourceVersionDate "2015.10.08"]
[SourceQuality "1"]

1. e4 e5 2. Nf3 Nc6 3. Bc4 Bc5 4. c3 Qe7 5. 0-0 d6 6. a4 a6 7. d4 Ba7 8. Ng5 Nh6 9. Be3 0-0 10. h3 Kh8 11. f4 exd4 12. Bxd4 Nxd4 13. cxd4 f6 14. Nf3 Qxe4 15. Qd2 Nf5 16. Nc3 Nxd4 17. Nxe4 Nxf3+ 18. Kh1 Nxd2 19. Nxd2 Bd7 20. Rfe1 Rae8 21. Nb3 Be3 22. Na5 b5 23. axb5 axb5 24. Bd5 Bxf4 25. Bc6 Bxc6 26. Nxc6 Rxe1+ 27. Rxe1 Be5 28. Na7 Rb8 29. Rc1 c5 30. Nc6 Rb6 31. Nxe5 fxe5 32. Ra1 Kg8 33. Ra8+ Kf7 34. Ra7+ Kf6 35. Ra8 Rb7 36. Rd8 Ke7 37. Rg8 Ke6 38. Re8+ Kd5 0-1

[Event "Girona op A"]
[Site "Girona"]
[Date "2015.05.??"]
[Round "4.2"]
[White "Domenech Plana, Jaume"]
[Black "Clot Chico, Arnau"]
[Result "1-0"]
[WhiteElo "2321"]
[BlackElo "1818"]
[PlyCount "66"]
[EventDate "2015.05.09"]
[EventType "tourn"]
[EventRounds "8"]
[EventCountry "ESP"]
[SourceTitle "EXT 2024"]
[Source "ChessBase"]
[SourceDate "2023.10.10"]
[SourceVersion "1"]
[SourceVersionDate "2023.10.10"]
[SourceQuality "1"]

1. c4 e5 2. Nc3 Nf6 3. e4 Bc5 4. Rb1 a5 5. a3 Nc6 6. d3 d6 7. h3 0-0 8. g4 Be6 9. Bg2 Nd7 10. Nge2 Nb6 11. Nd5 a4 12. 0-0 Nd4 13. Kh2 Bxd5 14. cxd5 Nxe2 15. Qxe2 Nd7 16. f4 exf4 17. Bxf4 Bd4 18. Rbc1 Ne5 19. Be3 Bxe3 20. Qxe3 c5 21. dxc6 bxc6 22. d4 Qb6 23. Qd2 Ng6 24. Rc4 d5 25. exd5 cxd5 26. Rc5 Rab8 27. Rf2 Qd6+ 28. Kg1 Ne7 29. Qa5 Ra8 30. Qc7 Qxc7 31. Rxc7 Rfe8 32. Re2 Kf8 33. Rec2 Ra5 1-0

[Event "Girona op A"]
[Site "Girona"]
[Date "2015.05.??"]
[Round "5.1"]
[White "Molina Carretero, Daniel"]
[Black "Domenech Plana, Jaume"]
[Result "1-0"]
[WhiteElo "2244"]
[BlackElo "2321"]
[PlyCount "33"]
[EventDate "2015.05.09"]
[EventType "tourn"]
[EventRounds "8"]
[EventCountry "ESP"]
[SourceTitle "EXT 2024"]
[Source "ChessBase"]
[SourceDate "2023.10.10"]
[SourceVersion "1"]
[SourceVersionDate "2023.10.10"]
[SourceQuality "1"]

1. e4 e5 2. f4 d5 3. exd5 c6 4. d4 exd4 5. Qxd4 cxd5 6. Nf3 Nf6 7. Nc3 Nbd7 8. Bb5 a6 9. Bxd7+ Bxd7 10. 0-0 Bc6 11. Re1+ Be7 12. Qe5 Kf8 13. Nd4 Bd6 14. Qg5 h6 15. Qh4 Qb6 16. Be3 Re8 17. Ne6+ 1-0

[Event "Girona Territorial-ch"]
[Site "Girona"]
[Date "2014.11.02"]
[Round "5"]
[White "Vidal Zamora, Alex"]
[Black "Domenech Plana, Jaume"]
[Result "1-0"]
[WhiteElo "2391"]
[BlackElo "2315"]
[PlyCount "55"]
[EventDate "2014.10.05"]
[EventType "swiss"]
[EventRounds "9"]
[EventCountry "CAT"]
[SourceTitle "CBM 163 Extra"]
[Source "ChessBase"]
[SourceDate "2014.12.23"]
[SourceVersion "1"]
[SourceVersionDate "2014.12.23"]
[SourceQuality "1"]

1. e4 e5 2. Nf3 Nc6 3. Bb5 Nd4 4. Nxd4 exd4 5. 0-0 c6 6. Bc4 Nf6 7. Qe2 d6 8. Qd3 b5 9. Bb3 Qb6 10. a4 Be7 11. axb5 cxb5 12. c3 Bb7 13. Re1 Rc8 14. Na3 dxc3 15. dxc3 a6 16. Nc2 Nd7 17. Qg3 0-0 18. Nd4 Bf6 19. Nf5 Ne5 20. Be3 Qc7 21. Bd4 Kh8 22. f4 Ng6 23. e5 dxe5 24. fxe5 Be7 25. h4 Qc6 26. e6 Bf6 27. h5 fxe6 28. Rxe6 1-0

[Event "Girona-ch"]
[Site "Girona"]
[Date "2005.11.06"]
[Round "6.1"]
[White "Domenech Plana, Jaume"]
[Black "Fluvia Poyatos, Joan"]
[Result "1/2-1/2"]
[WhiteElo "2016"]
[BlackElo "2458"]
[PlyCount "130"]
[EventDate "2005.09.25"]
[EventType "swiss"]
[EventRounds "9"]
[EventCountry "ESP"]
[SourceTitle "EXT 2024"]
[Source "ChessBase"]
[SourceDate "2023.10.10"]
[SourceVersion "1"]
[SourceVersionDate "2023.10.10"]
[SourceQuality "1"]

1. c4 e5 2. Nc3 Nc6 3. g3 Bc5 4. Bg2 Nf6 5. d3 0-0 6. e3 d6 7. Nge2 a5 8. 0-0 h6 9. d4 Ba7 10. h3 Bf5 11. d5 Ne7 12. e4 Bh7 13. Kh2 Nd7 14. f4 exf4 15. Nxf4 Ng6 16. Nce2 Qe7 17. Nd4 Nxf4 18. Rxf4 Nf6 19. Nf5 Bxf5 20. Rxf5 Nxe4 21. Bxh6 Nf2 22. Qd2 gxh6 23. Re1 Qd7 24. Rf6 Rfe8 25. Ree6 fxe6 26. Rg6+ Qg7 27. Qxh6 Re7 28. dxe6 c6 29. Bf3 Bd4 30. Bh5 Rf8 31. Kg2 Nd3 32. Rxg7+ Bxg7 33. Bf7+ Rfxf7 34. exf7+ Rxf7 35. Qxd6 Ne1+ 36. Kh1 Rf1+ 37. Kh2 Rf2+ 38. Kg1 Rf6 39. Qd1 Nf3+ 40. Kg2 Rf7 41. b3 Nd4 42. h4 Re7 43. Qg4 Re6 44. Qf4 Re2+ 45. Kh3 Rxa2 46. h5 Ra1 47. Kg2 Re1 48. Qb8+ Kh7 49. Qxb7 Re2+ 50. Kh3 Nf3 51. g4 Ng5+ 52. Kg3 Re6 53. Kf4 Kh6 54. Qa8 Re4+ 55. Kf5 Re6 56. Kf4 Re4+ 57. Kf5 Re5+ 58. Kf4 Re6 59. Qc8 Rf6+ 60. Ke3 Bf8 61. Qa8 Bc5+ 62. Ke2 Rf2+ 63. Kd1 Rf1+ 64. Ke2 Rf2+ 65. Kd1 Rf1+ 1/2-1/2

[Event "Girona-ch"]
[Site "Girona"]
[Date "2003.??.??"]
[Round "4"]
[White "Domenech Plana, Jaume"]
[Black "Mundet Riera, Jaume"]
[Result "1/2-1/2"]
[WhiteElo "2016"]
[BlackElo "2145"]
[PlyCount "53"]
[EventDate "2003.??.??"]
[EventType "swiss"]
[EventRounds "9"]
[EventCountry "ESP"]
[SourceTitle "EXT 2007"]
[Source "ChessBase"]
[SourceDate "2006.11.23"]
[SourceVersion "1"]
[SourceVersionDate "2006.11.23"]
[SourceQuality "1"]

1. e4 e5 2. Nf3 d6 3. d4 Nd7 4. Bc4 c6 5. 0-0 Be7 6. a4 Ngf6 7. Nc3 0-0 8. Bb3 Qc7 9. Bg5 Re8 10. Re1 Nf8 11. Qd3 h6 12. Bh4 Ng6 13. Qc4 Bd8 14. Bg3 Nh5 15. Rad1 Bg4 16. Re3 Nhf4 17. dxe5 dxe5 18. Qf1 Qe7 19. Bxf4 Nxf4 20. h3 Be6 21. Bxe6 Qxe6 22. Kh2 Bb6 23. Ree1 Rad8 24. g3 Ng6 25. Kg2 Ba5 26. Re3 Rxd1 27. Qxd1 1/2-1/2

[Event "Girona-ch"]
[Site "Girona"]
[Date "2003.??.??"]
[Round "3"]
[White "Parals Marce, Luis"]
[Black "Domenech Plana, Jaume"]
[Result "0-1"]
[WhiteElo "2193"]
[BlackElo "2016"]
[PlyCount "66"]
[EventDate "2003.??.??"]
[EventType "swiss"]
[EventRounds "9"]
[EventCountry "ESP"]
[SourceTitle "EXT 2007"]
[Source "ChessBase"]
[SourceDate "2006.11.23"]
[SourceVersion "1"]
[SourceVersionDate "2006.11.23"]
[SourceQuality "1"]

1. d4 c5 2. e3 cxd4 3. exd4 d5 4. Bd3 Nc6 5. c3 Nf6 6. Bf4 Bg4 7. f3 Bh5 8. Qb3 Qd7 9. g4 Bg6 10. Be2 h5 11. g5 Ng8 12. Nd2 e6 13. h4 a6 14. Nh3 Nge7 15. Nf2 Bf5 16. Nd3 Ng6 17. Bg3 Bd6 18. Bxd6 Qxd6 19. Kf2 0-0 20. Qa3 Qc7 21. Nf1 e5 22. Nxe5 Ngxe5 23. dxe5 Nxe5 24. Rd1 Rfe8 25. Qb4 Nc6 26. Qc5 Qe5 27. Ng3 Rad8 28. Rhe1 Qf4 29. Rh1 Bg4 30. Rd3 d4 31. cxd4 Nxd4 32. Qc1 Qxg3+ 33. Kxg3 Nxe2+ 0-1

[Event "Girona-ch"]
[Site "Barcelona"]
[Date "2001.11.19"]
[Round "7"]
[White "Carrasco Holgado, David"]
[Black "Domenech Plana, Jaume"]
[Result "1-0"]
[WhiteElo "2265"]
[BlackElo "2280"]
[PlyCount "65"]
[EventDate "2001.10.07"]
[EventType "swiss"]
[EventRounds "9"]
[EventCountry "ESP"]
[SourceTitle "EXT 2008"]
[Source "ChessBase"]
[SourceDate "2007.11.25"]
[SourceVersion "1"]
[SourceVersionDate "2007.11.25"]
[SourceQuality "1"]

1. e4 e5 2. Nf3 Nc6 3. Bb5 Nd4 4. Nxd4 exd4 5. 0-0 c6 6. Bc4 Nf6 7. e5 d5 8. exd6 Bxd6 9. Re1+ Kf8 10. h3 Bc7 11. d3 Qd6 12. f4 b5 13. Bb3 g5 14. Qe2 Bf5 15. Qe5 Qxe5 16. fxe5 Nd5 17. Bxd5 cxd5 18. Bxg5 Rg8 19. Bh6+ Ke7 20. Kh2 f6 21. Bf4 Rac8 22. Nd2 fxe5 23. Bxe5 Bxe5+ 24. Rxe5+ Kf6 25. Nf3 Bg6 26. Re2 Rge8 27. Rf2 Kg7 28. Nxd4 a6 29. Raf1 b4 30. Rf6 a5 31. Ra6 Rc5 32. Rf2 Kg8 33. Nb3 1-0